[Event "36th Rilton Cup"]
[Site "Stockholm SWE"]
[Date "2006.12.29"]
[Round "3.8"]
[White "Leer-Salvesen, Bjarte"]
[Black "Ulybin, Mikhail"]
[Result "0-1"]
[WhiteElo "2389"]
[BlackElo "2506"]
[EventDate "2006.12.27"]
[PlyCount "80"]

1.e4 c5 2.c3 d5 3.exd5 Qxd5 4.d4 Nf6 5.Nf3 Bg4 6.Be2 e6 7.Qa4+ Nc6 8.O-O 
cxd4 9.Rd1 Nd7 10.cxd4 Nb6 11.Qc2 Bxf3 12.Bxf3 Nxd4 13.Rxd4 Qxd4 14.Bxb7 
Rd8 15.Bc6+ Ke7 16.Nc3 Qe5 17.Be3 f6 18.Re1 Kf7 19.f4 Qa5 20.Kh1 Bb4 21.
Qb3 Rd6 22.Bb5 Bxc3 23.bxc3 Rc8 24.Bd4 Nd5 25.f5 e5 26.Bf2 Qxc3 27.Qd1 
Rcd8 28.Qh5+ Kg8 29.Be8 Qc7 30.Bc5 Ra6 31.Rd1 Qxc5 32.Qf7+ Kh8 33.h4 h6 
34.Rd3 Rxa2 35.Rg3 Ra1+ 36.Kh2 Qg1+ 37.Kh3 Nf4+ 38.Kg4 h5+ 39.Kf3 Ra3+ 40.
Ke4 Qd4# 0-1

[Event "36th Rilton Cup"]
[Site "Stockholm SWE"]
[Date "2006.12.29"]
[Round "3.9"]
[White "Brynell, Stellan"]
[Black "Nithander, Victor"]
[Result "1-0"]
[WhiteElo "2624"]
[BlackElo "2401"]
[EventDate "2006.12.27"]
[PlyCount "147"]

1.d4 g6 2.e4 Bg7 3.Nf3 d6 4.c4 Nf6 5.Nc3 O-O 6.h3 Na6 7.Bg5 c6 8.Be2 Nc7 
9.O-O d5 10.exd5 cxd5 11.Re1 dxc4 12.Bxc4 Be6 13.Bf1 Ncd5 14.Qd2 Rc8 15.
Rac1 Nxc3 16.bxc3 Bd5 17.Qe3 Bxf3 18.Qxf3 Qa5 19.Re5 Qxa2 20.Rxe7 Qd5 21.
Qe3 Rfd8 22.c4 Qxd4 23.Rxb7 Qxe3 24.Bxe3 Bf8 25.Ra1 Rd7 26.Raxa7 Rxb7 27.
Rxb7 Bc5 28.Bxc5 Rxc5 29.Bd3 Kf8 30.Kf1 Ne8 31.Ke2 Nd6 32.Rb4 Ke7 33.Ke3 
Ne8 34.Kd4 Rc8 35.Rb7+ Rc7 36.Rxc7+ Nxc7 37.Kc5 Kd7 38.Be4 Ne6+ 39.Kb6 f6 
40.Bd5 Nc7 41.Bf7 g5 42.Bh5 f5 43.Bf7 h6 44.g3 f4 45.gxf4 gxf4 46.Bh5 Kd8 
47.Kc6 Ne6 48.Kd5 Ng5 49.h4 Nh3 50.f3 Nf2 51.Ke5 Nd3+ 52.Ke4 Nb2 53.Bf7 
Ke7 54.Bd5 Na4 55.Kxf4 Kf6 56.Be4 Nc5 57.Ke3 Ke5 58.f4+ Kf6 59.Bc2 Ne6 60.
Ke4 Ng7 61.Kd5 Nh5 62.f5 Ke7 63.Kc6 Nf6 64.c5 Ne8 65.Kb7 Kd8 66.Ba4 Nf6 
67.c6 Ne8 68.f6 Nd6+ 69.Kb8 Ke8 70.Bb3 Kd8 71.Be6 Nb5 72.Kb7 Nc7 73.f7 
Nxe6 74.c7+ 1-0

[Event "36th Rilton Cup"]
[Site "Stockholm SWE"]
[Date "2006.12.29"]
[Round "3.10"]
[White "Engqvist, Thomas"]
[Black "Bindrich, Falko"]
[Result "0-1"]
[WhiteElo "2405"]
[BlackElo "2482"]
[EventDate "2006.12.27"]
[PlyCount "72"]

1.c4 Nf6 2.Nc3 g6 3.e4 d6 4.d4 Bg7 5.Nf3 O-O 6.Be2 e5 7.dxe5 dxe5 8.Qxd8 
Rxd8 9.Bg5 Rf8 10.Nxe5 Re8 11.O-O-O Nxe4 12.Nxe4 Bxe5 13.Rhe1 Nd7 14.f4 
Bg7 15.Bf3 Kf8 16.Nc3 Rxe1 17.Rxe1 f6 18.Nb5 Nc5 19.Re3 Bf5 20.Bh4 Nd3+ 
21.Kd2 Rd8 22.Nxc7 Nxb2+ 23.Kc3 Nd1+ 24.Bxd1 Rxd1 25.Ne8 Bh6 26.Nxf6 Bxf4 
27.Nxh7+ Kg8 28.Nf6+ Kf7 29.Re2 Bd3 30.Re7+ Kxe7 31.Nd5+ Kf7 32.Nxf4 Bf5 
33.Nd5 Rc1+ 34.Kd2 Rxc4 35.Bf2 Ra4 36.Kc3 Ra6 0-1

[Event "36th Rilton Cup"]
[Site "Stockholm SWE"]
[Date "2006.12.29"]
[Round "3.11"]
[White "Karlsson, Lars"]
[Black "Smith, Axel"]
[Result "1-0"]
[WhiteElo "2531"]
[BlackElo "2319"]
[EventDate "2006.12.27"]
[PlyCount "83"]

1.c4 c6 2.Nf3 d5 3.b3 Nf6 4.Bb2 Bf5 5.d3 e6 6.g3 h6 7.Bg2 Nbd7 8.O-O Be7 
9.a3 a5 10.Nbd2 O-O 11.Rc1 Bh7 12.Rc2 Bd6 13.Qa1 Qe7 14.cxd5 cxd5 15.Nd4 
Rfc8 16.Rfc1 Rxc2 17.Rxc2 h5 18.Nb5 h4 19.Nxd6 Qxd6 20.Qc1 hxg3 21.hxg3 
Bf5 22.Nf3 Qb6 23.Nd4 Bg6 24.a4 Ne5 25.Qf4 Nc6 26.Nb5 Qd8 27.Qd6 Ne8 28.
Qxd8 Rxd8 29.Nd4 Nb4 30.Rc5 b6 31.Rc1 Nf6 32.Nc6 Nxc6 33.Rxc6 Nd7 34.Rd6 
Kf8 35.e4 dxe4 36.dxe4 Ke8 37.e5 Bc2 38.Bc6 Bxb3 39.Bb5 Ke7 40.Ba3 Nc5 41.
Rxb6 Rd1+ 42.Kh2 1-0

[Event "36th Rilton Cup"]
[Site "Stockholm SWE"]
[Date "2006.12.29"]
[Round "3.12"]
[White "Johansson, Carl-Fredrik"]
[Black "Ernst, Thomas"]
[Result "0-1"]
[WhiteElo "2191"]
[BlackElo "2508"]
[EventDate "2006.12.27"]
[PlyCount "140"]

1.d4 Nf6 2.c4 e6 3.Nc3 Bb4 4.f3 d5 5.a3 Bxc3+ 6.bxc3 c5 7.cxd5 Nxd5 8.Qd3 
cxd4 9.cxd4 b6 10.e4 Ba6 11.Qb3 Bxf1 12.Kxf1 Ne7 13.Be3 Nbc6 14.Ne2 O-O 
15.Kf2 Qd7 16.Rhd1 Na5 17.Qd3 Rac8 18.Rac1 Rxc1 19.Rxc1 Rc8 20.Bd2 Rxc1 
21.Nxc1 Nec6 22.d5 exd5 23.Qxd5 Qc8 24.Nd3 Nb7 25.Bc3 h6 26.Nf4 Nbd8 27.
Qd6 Nb7 28.Qd5 Nbd8 29.Nh5 Ne6 30.Qd6 f6 31.f4 Nc5 32.Qd5+ Qe6 33.Ke3 Qxd5
34.exd5 Ne7 35.Be1 Nxd5+ 36.Kd4 Nc7 37.f5 Nb5+ 38.Kd5 Nxa3 39.Nf4 Nc2 40.
Bf2 Nb4+ 41.Kc4 Nba6 42.Kb5 Kf7 43.Ne6 g6 44.Nd8+ Kg7 45.Bg3 gxf5 46.Nc6 
Kg6 47.Ne7+ Kg5 48.Nd5 h5 49.Bf4+ Kg6 50.Be3 Kf7 51.Bd4 Nb8 52.Nxf6 h4 53.
Nd5 Ne4 54.Be5 a6+ 55.Kc4 b5+ 56.Kd3 Ke6 57.Bxb8 Kxd5 58.Bc7 h3 59.gxh3 
Nf2+ 60.Ke3 Nxh3 61.Bd8 b4 62.Kf3 b3 63.Bf6 Ng5+ 64.Kf4 Ne6+ 65.Ke3 f4+ 
66.Kd3 Nc5+ 67.Ke2 Ke6 68.Bd4 Kf5 69.Kf3 Nd3 70.h4 b2 0-1

[Event "36th Rilton Cup"]
[Site "Stockholm SWE"]
[Date "2006.12.29"]
[Round "3.13"]
[White "Cramling, Pia"]
[Black "Carlsten, Peter"]
[Result "1-0"]
[WhiteElo "2583"]
[BlackElo "2125"]
[EventDate "2006.12.27"]
[PlyCount "75"]

1.d4 f5 2.g3 g6 3.Bg2 Bg7 4.Nf3 Nf6 5.O-O O-O 6.b3 d6 7.Bb2 Re8 8.d5 Nbd7 
9.c4 Nf8 10.Nc3 e5 11.dxe6 Nxe6 12.Qc2 Rb8 13.Rad1 a6 14.b4 b6 15.Nd5 Bd7 
16.Rd3 a5 17.a3 axb4 18.axb4 Ra8 19.Bc3 Ra7 20.Rc1 Nxd5 21.cxd5 Ba4 22.Qb2
Bxc3 23.Rdxc3 Ng7 24.Ra3 b5 25.Nd4 Rb7 26.Rac3 Qe7 27.Qd2 Rc8 28.e4 fxe4 
29.Re1 Qf8 30.Rxe4 c5 31.dxc6 Rf7 32.Bh3 Nf5 33.Ne6 Qe8 34.Ng5 Re7 35.Qd5+
Kg7 36.Bxf5 gxf5 37.Qxf5 Rxe4 38.Qxh7+ 1-0

[Event "36th Rilton Cup"]
[Site "Stockholm SWE"]
[Date "2006.12.29"]
[Round "3.14"]
[White "Zadruzny, Nicolaj"]
[Black "Lindberg, Bengt"]
[Result "0-1"]
[WhiteElo "2326"]
[BlackElo "2484"]
[EventDate "2006.12.27"]
[PlyCount "52"]

1.e4 c5 2.Nf3 Nc6 3.d4 cxd4 4.Nxd4 Nf6 5.Nc3 d6 6.Bg5 e6 7.Qd2 a6 8.O-O-O 
h6 9.Nxc6 bxc6 10.Bf4 d5 11.Qe3 Qa5 12.Be2 dxe4 13.Qg3 Nd5 14.Nxd5 cxd5 
15.Kb1 Bd7 16.Be5 Rc8 17.Bh5 Rg8 18.Rhe1 g6 19.f3 Qc5 20.c3 e3 21.Bd4 Bd6 
22.Bxc5 Bxg3 23.hxg3 Rxc5 24.Bg4 f5 25.Bh3 g5 26.g4 f4 0-1

[Event "36th Rilton Cup"]
[Site "Stockholm SWE"]
[Date "2006.12.29"]
[Round "3.15"]
[White "Blomqvist, Erik"]
[Black "Gagarin, Vasily"]
[Result "1-0"]
[WhiteElo "2314"]
[BlackElo "2447"]
[EventDate "2006.12.27"]
[PlyCount "63"]

1.e4 c5 2.Nf3 e6 3.d4 cxd4 4.Nxd4 Nc6 5.Nc3 Qc7 6.Be3 a6 7.Bd3 Nf6 8.O-O 
b5 9.Nxc6 Qxc6 10.Kh1 b4 11.e5 bxc3 12.exf6 cxb2 13.Rb1 gxf6 14.Rxb2 Rg8 
15.f3 f5 16.Qe1 Qd5 17.Qh4 Bb7 18.Rb3 Be7 19.Qxh7 O-O-O 20.Rfb1 Rxg2 21.
Rc3+ Kb8 22.Rxb7+ Kxb7 23.Kxg2 Qe5 24.Rb3+ Kc6 25.Bd2 Bc5 26.Bxa6 Qf6 27.
Bb5+ Kd6 28.Rd3+ Ke7 29.h4 f4 30.Ba5 Ra8 31.Rxd7+ Kf8 32.Bc3 1-0

[Event "36th Rilton Cup"]
[Site "Stockholm SWE"]
[Date "2006.12.29"]
[Round "3.16"]
[White "Janse, Love"]
[Black "Akesson, Joel"]
[Result "0-1"]
[WhiteElo "2259"]
[BlackElo "2366"]
[EventDate "2006.12.27"]
[PlyCount "36"]

1.e4 e6 2.d3 d5 3.Nd2 Nf6 4.Ngf3 b6 5.g3 dxe4 6.dxe4 Bb7 7.Bg2 Nxe4 8.Ne5 
Nc3 9.Bxb7 Nxd1 10.Kxd1 Bd6 11.Nec4 Nd7 12.Bxa8 Qxa8 13.Nxd6+ cxd6 14.f3 
O-O 15.Ke2 Rc8 16.c3 Ne5 17.Rd1 Qc6 18.Ne4 f5 0-1

[Event "36th Rilton Cup"]
[Site "Stockholm SWE"]
[Date "2006.12.29"]
[Round "3.17"]
[White "Aguettaz, Maxime"]
[Black "Heden, Gustav"]
[Result "1/2-1/2"]
[WhiteElo "2300"]
[BlackElo "1929"]
[EventDate "2006.12.27"]
[PlyCount "167"]

1.g3 c5 2.Bg2 g6 3.c4 Bg7 4.Nc3 Nc6 5.Nf3 e6 6.O-O Nge7 7.d4 cxd4 8.Nb5 
O-O 9.Nfxd4 d5 10.cxd5 Nxd4 11.Nxd4 Nxd5 12.Nb3 Qe7 13.e4 Nc7 14.Be3 b6 
15.Nd4 Ba6 16.Re1 e5 17.Nc6 Qe6 18.Rc1 Rfc8 19.Nb4 Bb7 20.Nd5 Nxd5 21.
Rxc8+ Rxc8 22.exd5 Qd7 23.Qb3 Bf8 24.Rd1 Ba6 25.Bg5 Qg4 26.Bf6 Be2 27.Re1 
Bb4 28.h3 Qc4 29.Qxc4 Bxc4 30.Rxe5 Bxa2 31.h4 Bc5 32.Re1 Bc4 33.Bh3 Rf8 
34.Bg2 Rc8 35.Rd1 Bb3 36.Rd3 Bc4 37.Rd2 Bb4 38.Rc2 Ba6 39.Rc6 Bb7 40.Rxc8+
Bxc8 41.Be4 Kf8 42.Kf1 Ba6+ 43.Kg2 Ke8 44.Kf3 Kd7 45.h5 Bb7 46.hxg6 hxg6 
47.g4 Bd2 48.Be5 a5 49.Ke2 Bb4 50.f4 Bd6 51.Bd4 b5 52.f5 gxf5 53.Bxf5+ Ke7
54.Be4 a4 55.Kd3 b4 56.g5 Ba6+ 57.Kc2 Bc4 58.Bb6 Kd7 59.Bf5+ Ke8 60.g6 Kf8
61.gxf7 Bxd5 62.Bg6 Kg7 63.Bf5 Kxf7 64.Bd4 Ke7 65.Bd3 Ke6 66.Bh7 Kd7 67.
Bg6 Bb3+ 68.Kb1 Kc6 69.Bc2 Bxc2+ 70.Kxc2 Kd5 71.Bb6 Kc4 72.Ba5 Bc5 73.b3+ 
axb3+ 74.Kb1 Bd4 75.Bd8 b2 76.Be7 Bc3 77.Bg5 Bd4 78.Be7 Be5 79.Bd8 Bg7 80.
Bg5 Be5 81.Be3 Bd4 82.Bf4 Bf6 83.Bd6 Bd4 84.Bf4 1/2-1/2

[Event "36th Rilton Cup"]
[Site "Stockholm SWE"]
[Date "2006.12.29"]
[Round "3.18"]
[White "Ostling, Hakan"]
[Black "Sammalvuo, Niina"]
[Result "0-1"]
[WhiteElo "2070"]
[BlackElo "2259"]
[EventDate "2006.12.27"]
[PlyCount "60"]

1.d4 Nf6 2.Nf3 e6 3.Bf4 b6 4.Nbd2 Bb7 5.e3 Be7 6.Bd3 c5 7.O-O Nc6 8.c3 Nh5
9.dxc5 bxc5 10.Re1 d6 11.Qc2 g5 12.g4 gxf4 13.gxh5 fxe3 14.Rxe3 d5 15.Qa4 
Qc7 16.b4 c4 17.Bf1 O-O-O 18.Bg2 Bf6 19.b5 Qa5 20.Qxa5 Nxa5 21.Ne5 Bg5 22.
Nxf7 Bxe3 23.fxe3 Rdg8 24.Nxh8 d4 25.e4 dxc3 26.Nf3 Bxe4 27.Ne1 Nb3 28.
axb3 cxb3 29.Rc1 Rxg2+ 30.Nxg2 c2 0-1

[Event "36th Rilton Cup"]
[Site "Stockholm SWE"]
[Date "2006.12.29"]
[Round "3.19"]
[White "Barkhudarian, Rafael"]
[Black "Lissang, Christopher"]
[Result "1-0"]
[WhiteElo "2259"]
[BlackElo "2149"]
[EventDate "2006.12.27"]
[PlyCount "99"]

1.e4 c5 2.Nf3 d6 3.d4 cxd4 4.Nxd4 Nf6 5.Nc3 a6 6.Be2 e5 7.Nf3 h6 8.O-O Be6
9.a4 Be7 10.Re1 O-O 11.b3 Qc7 12.Bb2 Nbd7 13.h3 Rac8 14.Bf1 Qc6 15.Nd2 d5 
16.exd5 Nxd5 17.Nxd5 Bxd5 18.c4 Be6 19.Nf3 Rfd8 20.Qb1 f6 21.Bd3 Nc5 22.
Bh7+ Kf8 23.Nh4 Nxb3 24.Ba3 Bxa3 25.Ng6+ Kf7 26.Rxa3 Nd2 27.Nxe5+ fxe5 28.
Qg6+ Kf8 29.Rg3 Rc7 30.Rxe5 Bc8 31.Rd3 Rxd3 32.Qxd3 Re7 33.Rxe7 Kxe7 34.
Qxd2 Qxc4 35.Qb2 Kf7 36.Bc2 Qc7 37.h4 b5 38.axb5 axb5 39.h5 Kg8 40.Qb3+ 
Qc4 41.Qb1 Qc5 42.Bg6 Be6 43.Qe4 Qd5 44.Qf4 Qd8 45.Qe5 Bc4 46.Qc5 Qd1+ 47.
Kh2 Qd8 48.g3 Qa8 49.Qe7 Qf8 50.Bh7+ 1-0

[Event "36th Rilton Cup"]
[Site "Stockholm SWE"]
[Date "2006.12.29"]
[Round "3.20"]
[White "Penttila, Tero"]
[Black "Lindberg, Henrik"]
[Result "0-1"]
[WhiteElo "1998"]
[BlackElo "2295"]
[EventDate "2006.12.27"]
[PlyCount "54"]

1.e4 c5 2.Nf3 Nc6 3.Nc3 g6 4.d4 cxd4 5.Nxd4 Bg7 6.Be3 Nf6 7.Bc4 Qa5 8.O-O 
O-O 9.Nb3 Qc7 10.Bg5 a6 11.Be2 d6 12.Qd2 Be6 13.Bh6 Bxh6 14.Qxh6 b5 15.
Rfd1 Rfc8 16.Rac1 Qb6 17.Qf4 Ne5 18.Nd4 Bc4 19.b3 Be6 20.Nxe6 Rxc3 21.Nd4 
Rac8 22.Kh1 Ned7 23.Qh4 e5 24.Nf5 gxf5 25.Qg5+ Kf8 26.Qxf5 Rxc2 27.Rxc2 
Rxc2 0-1

[Event "36th Rilton Cup"]
[Site "Stockholm SWE"]
[Date "2006.12.29"]
[Round "3.21"]
[White "Cicak, Slavko"]
[Black "Berggren, Jonatan"]
[Result "1-0"]
[WhiteElo "2545"]
[BlackElo "1994"]
[EventDate "2006.12.27"]
[PlyCount "51"]

1.e4 c5 2.Nf3 e6 3.b3 Nc6 4.Bb2 Nf6 5.e5 Nd5 6.g3 b6 7.Bg2 Bb7 8.O-O Be7 
9.c4 Nc7 10.d4 Nxd4 11.Nxd4 Bxg2 12.Kxg2 cxd4 13.Qxd4 f6 14.Nc3 fxe5 15.
Qxe5 Bf6 16.Qd6 Qc8 17.f3 Qb7 18.Rad1 Rd8 19.Ba3 Qc6 20.Ne4 Kf7 21.Nxf6 
gxf6 22.Qe7+ Kg6 23.Bb2 Rhf8 24.Bxf6 Rg8 25.Rd4 h5 26.Be5 1-0

[Event "36th Rilton Cup"]
[Site "Stockholm SWE"]
[Date "2006.12.29"]
[Round "3.22"]
[White "Persson, Andreas"]
[Black "Berg, Emanuel"]
[Result "0-1"]
[WhiteElo "2072"]
[BlackElo "2667"]
[EventDate "2006.12.27"]
[PlyCount "94"]

1.e4 e6 2.d4 d5 3.Nd2 Nf6 4.e5 Nfd7 5.c3 c5 6.Bd3 Nc6 7.Ne2 cxd4 8.cxd4 f6
9.exf6 Nxf6 10.O-O Bd6 11.Nf3 Qc7 12.Bg5 O-O 13.Rc1 h6 14.Bd2 a6 15.Ng3 g5
16.Re1 Qg7 17.Bb1 Ng4 18.Qc2 Bxg3 19.hxg3 Bd7 20.b4 Rf6 21.a4 b5 22.axb5 
axb5 23.Qc5 Qf7 24.Qb6 Rf8 25.Be3 Rxf3 26.gxf3 Qxf3 27.Rc2 Nxe3 28.Rxe3 
Qd1+ 29.Kg2 Nxd4 30.Rc7 Qd2 31.Bh7+ Kxh7 32.Rxd7+ Kg8 33.Rf3 Rxf3 34.Rd8+ 
Rf8 35.Rxf8+ Kxf8 36.Qd8+ Kf7 37.Qd7+ Kf6 38.Qd8+ Kf7 39.Qd7+ Kf6 40.Qd8+ 
Ke5 41.Qh8+ Ke4 42.Qh7+ Nf5 43.g4 Qf4 44.gxf5 Qg4+ 45.Kf1 Qh3+ 46.Ke2 Qd3+
47.Ke1 Kf3 0-1

[Event "36th Rilton Cup"]
[Site "Stockholm SWE"]
[Date "2006.12.29"]
[Round "3.23"]
[White "Akesson, Ralf"]
[Black "Namini, Armin"]
[Result "1-0"]
[WhiteElo "2582"]
[BlackElo "2123"]
[EventDate "2006.12.27"]
[PlyCount "95"]

1.d4 Nf6 2.c4 g6 3.Nc3 Bg7 4.e4 d6 5.h3 O-O 6.Bg5 Na6 7.Nf3 e5 8.d5 h6 9.
Be3 Nc5 10.Nd2 a5 11.a3 a4 12.Bxc5 dxc5 13.Nxa4 b6 14.Be2 h5 15.Nc3 Bh6 
16.Qc2 Qe7 17.O-O-O Bd7 18.Kb1 Ne8 19.g4 hxg4 20.hxg4 Kg7 21.Rdg1 Nd6 22.
Nf3 f6 23.Bd3 Nf7 24.Ne2 Rfb8 25.Qc3 Bg5 26.Ka2 b5 27.cxb5 Bxb5 28.Bxb5 
Rxb5 29.Nd2 Bxd2 30.Qxd2 c4 31.Rg3 Rab8 32.Rb1 Ng5 33.Qc2 Qc5 34.Rc3 Ra5 
35.Nc1 Nf7 36.Ka1 Nd6 37.Rh3 Ra6 38.Na2 Rh8 39.Rxh8 Kxh8 40.Rh1+ Kg7 41.f3
Rb6 42.Qd2 Nf7 43.Nb4 Qa5 44.Qc3 Nd6 45.g5 Nb5 46.Qxc4 fxg5 47.Qc5 Rd6 48.
Nc6 1-0

[Event "36th Rilton Cup"]
[Site "Stockholm SWE"]
[Date "2006.12.29"]
[Round "3.24"]
[White "Netzer, Jean"]
[Black "Jantti, Petri"]
[Result "1-0"]
[WhiteElo "2404"]
[BlackElo "2125"]
[EventDate "2006.12.27"]
[PlyCount "73"]

1.c4 Nf6 2.Nc3 g6 3.e4 d6 4.d4 Bg7 5.h3 O-O 6.Bg5 Na6 7.Bd3 c5 8.d5 Nc7 9.
Nf3 Nd7 10.O-O b6 11.Qd2 Re8 12.Kh1 Ba6 13.a4 Bb7 14.Rae1 Na6 15.Nb5 Qb8 
16.Nh2 Nb4 17.Bb1 a6 18.Na3 b5 19.axb5 axb5 20.cxb5 e6 21.dxe6 Rxe6 22.f4 
Nf6 23.Bxf6 Bxf6 24.f5 gxf5 25.Rxf5 Bg7 26.Ref1 Qe8 27.Ng4 Qe7 28.e5 dxe5 
29.Rxf7 Qxf7 30.Bxh7+ Kf8 31.Rxf7+ Kxf7 32.Nc4 Nd5 33.Qg5 Rae8 34.Bf5 Nf4 
35.Bxe6+ Rxe6 36.Ncxe5+ Kg8 37.Qxf4 1-0

[Event "36th Rilton Cup"]
[Site "Stockholm SWE"]
[Date "2006.12.29"]
[Round "3.25"]
[White "Jensen, Leif Haugaard"]
[Black "Couso, Luis"]
[Result "1/2-1/2"]
[WhiteElo "2084"]
[BlackElo "2354"]
[EventDate "2006.12.27"]
[PlyCount "99"]

1.e4 c5 2.g3 d5 3.d3 dxe4 4.dxe4 Qxd1+ 5.Kxd1 Nf6 6.f3 Nc6 7.c3 b6 8.Be3 
Bb7 9.Nd2 O-O-O 10.Kc2 Ne5 11.Be2 e6 12.Nh3 Be7 13.Rad1 h6 14.Nf2 g5 15.
Rhe1 Rhg8 16.g4 Nfd7 17.h4 Ng6 18.hxg5 hxg5 19.Rh1 Rh8 20.Rxh8 Rxh8 21.Rh1
Nh4 22.Nd1 Ne5 23.Bf2 Rd8 24.Rh3 Neg6 25.Bg3 Bd6 26.Bxd6 Rxd6 27.Ne3 Rd8 
28.Rh2 Kc7 29.Ng2 Nxg2 30.Rxg2 Rh8 31.Rf2 Bc6 32.Kd3 Rh1 33.Ke3 Nf4 34.Bf1
b5 35.Nb3 Kb6 36.Nc1 e5 37.Ne2 Nxe2 38.Bxe2 c4 39.Rf1 Rxf1 40.Bxf1 a5 41.
a3 Kc5 42.Kd2 b4 43.axb4+ axb4 44.Be2 Ba4 45.Kc1 Bb3 46.Kd2 Kb5 47.Kc1 Ka4
48.Kd2 Ba2 49.Bd1+ Kb5 50.Kc1 1/2-1/2

[Event "36th Rilton Cup"]
[Site "Stockholm SWE"]
[Date "2006.12.30"]
[Round "4.1"]
[White "Brynell, Stellan"]
[Black "Kotronias, Vassilios"]
[Result "0-1"]
[WhiteElo "2624"]
[BlackElo "2699"]
[EventDate "2006.12.27"]
[PlyCount "102"]

1.d4 Nf6 2.c4 g6 3.Nc3 Bg7 4.e4 d6 5.Nf3 O-O 6.Be2 e5 7.O-O Nc6 8.d5 Ne7 
9.b4 Nh5 10.Re1 f5 11.Ng5 Nf6 12.f3 c6 13.Be3 Bh6 14.h4 cxd5 15.cxd5 Bd7 
16.Rc1 a6 17.b5 Bxb5 18.Bxb5 axb5 19.Nxb5 fxe4 20.fxe4 Nxe4 21.Qg4 Bxg5 
22.hxg5 Ra4 23.Qe6+ Kh8 24.Bd4 exd4 25.Qxe4 Nf5 26.Nc7 d3 27.Qxd3 Rg4 28.
Qf3 Rh4 29.g3 Rh3 30.Ne6 Qb6+ 31.Kg2 Nh4+ 32.Kxh3 Nxf3 33.Nxf8 Nxg5+ 34.
Kg4 Qd8 35.Ne6 h5+ 36.Kf4 Qf6+ 37.Ke3 Qe5+ 38.Kf2 Qb2+ 39.Ke3 Qa3+ 40.Kf4 
Nh3+ 41.Ke4 Qxg3 42.Kd4 Nf2 43.Rc3 Qg4+ 44.Ke3 Nd1+ 45.Rxd1 Qxd1 46.Rc8+ 
Kh7 47.Rc7+ Kh6 48.Rc8 Qe1+ 49.Kf3 Qe5 50.Kf2 h4 51.Rf8 g5 0-1

[Event "36th Rilton Cup"]
[Site "Stockholm SWE"]
[Date "2006.12.30"]
[Round "4.2"]
[White "Bindrich, Falko"]
[Black "Nyback, Tomi"]
[Result "1/2-1/2"]
[WhiteElo "2482"]
[BlackElo "2606"]
[EventDate "2006.12.27"]
[PlyCount "160"]

1.e4 e5 2.Nf3 Nc6 3.Bb5 a6 4.Ba4 Nf6 5.O-O Be7 6.Re1 b5 7.Bb3 O-O 8.h3 Bb7
9.d3 d6 10.a3 Na5 11.Ba2 c5 12.Bd2 Bc8 13.Nc3 Be6 14.Qb1 Bxa2 15.Qxa2 Nc6 
16.Nd5 Nxd5 17.Qxd5 Qd7 18.a4 b4 19.c3 bxc3 20.bxc3 Rab8 21.Reb1 Rb7 22.
Be3 Rfb8 23.Nd2 Rxb1+ 24.Rxb1 Rxb1+ 25.Nxb1 Qb7 26.Nd2 Na5 27.Qxb7 Nxb7 
28.Nc4 Kf8 29.f4 exf4 30.Bxf4 Ke8 31.Kf2 Kd7 32.d4 Nd8 33.d5 f6 34.Ke3 Nf7
35.Kd3 Bd8 36.Ne3 g6 37.Bg3 Ne5+ 38.Bxe5 fxe5 39.Nc4 Ke7 40.Ke3 Bc7 41.Kf3
Kf6 42.Kg4 h6 43.h4 h5+ 44.Kh3 Kf7 45.Kg3 Ke7 46.Kf3 Kf7 47.Ke3 Kf6 48.Nd2
Kf7 49.Nf3 Bd8 50.Kd3 Bf6 51.g3 Ke7 52.Nd2 Kd7 53.Nc4 Bd8 54.Nd2 Ke7 55.
Nf3 Kd7 56.Kc2 Bf6 57.Kd2 Bd8 58.Kd3 Bf6 59.Kc4 Ke7 60.Kd3 Kd7 61.Ke2 Bd8 
62.Nd2 Bf6 63.Nc4 Bd8 64.Kf3 Ke7 65.g4 Bc7 66.Kg3 Kf7 67.gxh5 gxh5 68.Ne3 
Kf6 69.Nf5 Kf7 70.Kf3 Kf6 71.Ke3 Kf7 72.Kd3 Kf6 73.Kc4 Kf7 74.Ng3 Kg6 75.
Nf5 Kf7 76.Nh6+ Kg7 77.Nf5+ Kf7 78.Nh6+ Kg7 79.Nf5+ Kf7 80.Nh6+ Kg7 
1/2-1/2

[Event "36th Rilton Cup"]
[Site "Stockholm SWE"]
[Date "2006.12.30"]
[Round "4.3"]
[White "Karlsson, Lars"]
[Black "Gleizerov, Evgeny"]
[Result "1/2-1/2"]
[WhiteElo "2531"]
[BlackElo "2560"]
[EventDate "2006.12.27"]
[PlyCount "40"]

1.Nf3 d5 2.g3 g6 3.d4 Nf6 4.Bg2 Bg7 5.c4 dxc4 6.Na3 O-O 7.Nxc4 Be6 8.Nce5 
Bd5 9.O-O Nbd7 10.Nd3 c6 11.b3 a5 12.Ba3 Re8 13.e3 a4 14.Qc2 axb3 15.axb3 
Be4 16.Rfd1 Qc7 17.Nfe5 Nxe5 18.Bxe4 Nxe4 19.Nxe5 Bxe5 20.Qxe4 Bf6 1/2-1/2

[Event "36th Rilton Cup"]
[Site "Stockholm SWE"]
[Date "2006.12.30"]
[Round "4.4"]
[White "Ulybin, Mikhail"]
[Black "Berczes, Csaba"]
[Result "1-0"]
[WhiteElo "2506"]
[BlackElo "2414"]
[EventDate "2006.12.27"]
[PlyCount "79"]

1.d4 Nf6 2.c4 e6 3.g3 d5 4.Bg2 dxc4 5.Nf3 Bd7 6.Ne5 Bc6 7.Nxc6 Nxc6 8.O-O 
Be7 9.e3 O-O 10.Qa4 Nb4 11.a3 Nbd5 12.Qxc4 Nd7 13.Rd1 c6 14.Qe2 Qb6 15.e4 
N5f6 16.e5 Nd5 17.Nc3 Rfd8 18.h4 Nf8 19.Ne4 c5 20.dxc5 Bxc5 21.Bg5 Rdc8 
22.Nxc5 Rxc5 23.b4 Rc3 24.Kh2 Rac8 25.Bxd5 Rc2 26.Qe3 exd5 27.Qxb6 axb6 
28.Be3 Ng6 29.Rxd5 Re8 30.Rad1 h6 31.Rd8 Rxd8 32.Rxd8+ Kh7 33.Re8 b5 34.h5
Nh8 35.Re7 b6 36.Bxb6 Ra2 37.Ra7 g6 38.e6 Re2 39.exf7 Kg7 40.Bd4+ 1-0

[Event "36th Rilton Cup"]
[Site "Stockholm SWE"]
[Date "2006.12.30"]
[Round "4.5"]
[White "Rozentalis, Eduardas"]
[Black "Berczes, David"]
[Result "1/2-1/2"]
[WhiteElo "2591"]
[BlackElo "2415"]
[EventDate "2006.12.27"]
[PlyCount "105"]

1.e4 c5 2.Nf3 Nc6 3.Bb5 g6 4.O-O Bg7 5.Re1 Nf6 6.e5 Nd5 7.Nc3 Nc7 8.Bxc6 
dxc6 9.Ne4 Ne6 10.d3 O-O 11.Be3 b6 12.Qd2 Nd4 13.Nxd4 cxd4 14.Bh6 c5 15.h4
f5 16.exf6 exf6 17.Bxg7 Kxg7 18.Qf4 Bb7 19.Nd6 Qd7 20.h5 Bd5 21.hxg6 hxg6 
22.Qg3 Be6 23.f3 Rad8 24.Ne4 Bd5 25.Kf2 Rfe8 26.b3 Bxe4 27.Rxe4 Rxe4 28.
fxe4 Qd6 29.Qxd6 Rxd6 30.Kf3 Re6 31.a3 Re5 32.g4 Kf7 33.b4 Ke6 34.Kf4 Kd6 
35.Rb1 g5+ 36.Kf3 Ke6 37.Ke2 cxb4 38.axb4 Rb5 39.Ra1 a5 40.bxa5 bxa5 41.
Ra4 Rc5 42.Kd1 Ke5 43.Kd2 Rb5 44.Ke2 Rc5 45.Kf3 Ke6 46.Rxd4 Rxc2 47.Ra4 
Rd2 48.d4 Rd3+ 49.Kf2 Ke7 50.d5 Kd6 51.Rxa5 Ke5 52.Ra4 Rb3 53.Ra6 1/2-1/2

[Event "36th Rilton Cup"]
[Site "Stockholm SWE"]
[Date "2006.12.30"]
[Round "4.6"]
[White "Hansen, Lars Bo"]
[Black "Akesson, Joel"]
[Result "1/2-1/2"]
[WhiteElo "2575"]
[BlackElo "2366"]
[EventDate "2006.12.27"]
[PlyCount "96"]

1.Nf3 Nf6 2.c4 g6 3.d4 Bg7 4.g3 c6 5.Bg2 d5 6.cxd5 cxd5 7.Nc3 O-O 8.Ne5 e6
9.O-O Nfd7 10.f4 Nc6 11.Be3 Ndxe5 12.fxe5 f6 13.exf6 Rxf6 14.Qd2 Rxf1+ 15.
Rxf1 Bd7 16.Kh1 Qe7 17.Bg1 Rf8 18.Rxf8+ Qxf8 19.e4 dxe4 20.Nxe4 Nd8 21.d5 
exd5 22.Qxd5+ Be6 23.Qd2 Nc6 24.Nc5 Bc8 25.b4 Qd8 26.Qf4 Qe7 27.Qc4+ Kh8 
28.Nxb7 Bxb7 29.Bxc6 Qxb4 30.Qd5 Bxc6 31.Qxc6 h5 32.a4 a6 33.Kg2 Kh7 34.h4
Qd2+ 35.Bf2 Qd3 36.a5 Bh8 37.Qf3 Qxf3+ 38.Kxf3 Bc3 39.Bb6 Be1 40.Bc7 Kg7 
41.Ke4 Kf6 42.Kd5 Kf5 43.Kc6 g5 44.hxg5 Kxg5 45.Kb6 Kg4 46.Kxa6 Bxa5 47.
Kxa5 h4 48.gxh4 Kxh4 1/2-1/2

[Event "36th Rilton Cup"]
[Site "Stockholm SWE"]
[Date "2006.12.30"]
[Round "4.7"]
[White "Sammalvuo, Niina"]
[Black "Fontaine, Robert"]
[Result "0-1"]
[WhiteElo "2259"]
[BlackElo "2557"]
[EventDate "2006.12.27"]
[PlyCount "62"]

1.e4 c5 2.Nf3 d6 3.d4 cxd4 4.Nxd4 Nf6 5.Nc3 Nc6 6.Be2 g6 7.O-O Bg7 8.Be3 
O-O 9.Nb3 Be6 10.f4 Rc8 11.Kh1 a6 12.a4 Na5 13.Rb1 Nxb3 14.cxb3 Qa5 15.Bf3
Qb4 16.e5 dxe5 17.fxe5 Rfd8 18.Qe1 Ng4 19.Qh4 a5 20.Bg5 Nxe5 21.Bxe7 Nxf3 
22.Rxf3 Qxh4 23.Bxh4 Rd2 24.Rf2 Rd3 25.h3 Bxb3 26.Ne4 f5 27.Nc3 Rc4 28.Be7
Bxa4 29.Nxa4 Rxa4 30.b4 axb4 31.Bxb4 Ra1 0-1

[Event "36th Rilton Cup"]
[Site "Stockholm SWE"]
[Date "2006.12.30"]
[Round "4.8"]
[White "Tikkanen, Hans"]
[Black "Cramling, Pia"]
[Result "0-1"]
[WhiteElo "2402"]
[BlackElo "2583"]
[EventDate "2006.12.27"]
[PlyCount "94"]

1.d4 d5 2.c4 c6 3.Nf3 Nf6 4.Nc3 dxc4 5.a4 Bf5 6.Ne5 Nbd7 7.Nxc4 Qc7 8.g3 
e5 9.dxe5 Nxe5 10.Bf4 Nfd7 11.Bg2 Be7 12.Ne4 O-O 13.Ned6 Be6 14.Nxe5 Nxe5 
15.Bxe5 Rfd8 16.Qc2 Bxd6 17.Bc3 a5 18.Be4 h6 19.O-O Bb4 20.Rfd1 Bxc3 21.
Qxc3 Qb6 22.Bc2 Qb4 23.Qe5 Re8 24.Qd4 Bc4 25.e3 c5 26.Qh4 Be6 27.Qxb4 axb4
28.a5 Ra7 29.Rd6 Kf8 30.Be4 Rea8 31.Rc1 Rxa5 32.Bxb7 Ra1 33.Rdd1 Rxc1 34.
Rxc1 Ra7 35.Bf3 c4 36.Be2 c3 37.bxc3 b3 38.Bd3 Rd7 39.Bb1 Rd2 40.Kf1 Bc4+ 
41.Kg2 Be2 42.Re1 Ke7 43.g4 Bxg4 44.Be4 Bd1 45.Kg3 Kd6 46.f3 Kc5 47.Kf4 
Bc2 0-1

[Event "36th Rilton Cup"]
[Site "Stockholm SWE"]
[Date "2006.12.30"]
[Round "4.9"]
[White "Ernst, Thomas"]
[Black "Blomqvist, Erik"]
[Result "1/2-1/2"]
[WhiteElo "2508"]
[BlackElo "2314"]
[EventDate "2006.12.27"]
[PlyCount "76"]

1.e4 e6 2.d4 d5 3.Nd2 dxe4 4.Nxe4 Bd7 5.Nf3 Bc6 6.Bd3 Nd7 7.O-O Ngf6 8.
Ned2 Be7 9.Re1 O-O 10.Nc4 Bxf3 11.Qxf3 c6 12.c3 Re8 13.Ne5 Nxe5 14.dxe5 
Nd7 15.Bf4 Nf8 16.Rad1 Qa5 17.Bb1 Rad8 18.Qe4 Rxd1 19.Rxd1 Rd8 20.Rxd8 
Qxd8 21.Bc2 Bg5 22.Bxg5 Qxg5 23.f4 Qd8 24.Qe3 a6 25.a4 a5 26.g3 Ng6 27.Qd4
Qxd4+ 28.cxd4 Ne7 29.Kf2 h5 30.Be4 g6 31.Ke3 Kg7 32.Kd3 f5 33.Bf3 Nd5 34.
Bxd5 cxd5 35.b4 b6 36.bxa5 bxa5 37.Ke3 Kh6 38.Kf3 g5 1/2-1/2